[Event "TUR-chT 1st League"]
[Site "Denizli"]
[Date "2023.07.12"]
[Round "5.85"]
[White "Ozsayin, Elif"]
[Black "Gunasti, Latife Yade"]
[Result "1-0"]
[WhiteElo "1669"]
[BlackElo "1444"]
[PlyCount "91"]
[EventDate "2023.07.09"]
[EventType "team-swiss"]
[EventRounds "9"]
[EventCountry "TUR"]
[SourceTitle "CBM 215 Extra"]
[Source "ChessBase"]
[SourceDate "2023.09.30"]
[SourceVersion "1"]
[SourceVersionDate "2023.09.30"]
[SourceQuality "1"]
[WhiteTeam "Doktor Metin Surmeli"]
[BlackTeam "Ankara Demirspor"]
[WhiteTeamCountry "TUR"]
[BlackTeamCountry "TUR"]

1. d4 Nf6 2. Bf4 g6 3. Nf3 Bg7 4. e3 d6 5. h3 0-0 6. Be2 Nc6 7. 0-0 Nd7 8. c4 e5 9. Bh2 e4 10. Nfd2 f5 11. Nc3 Nf6 12. a3 Qe7 13. b4 a6 14. Rc1 Nd8 15. c5 Nf7 16. Nc4 d5 17. Ne5 Rd8 18. Qb3 Be6 19. b5 Nxe5 20. Bxe5 Ne8 21. Bh2 a5 22. Na4 g5 23. Qc3 Qf7 24. Qd2 Bh6 25. Bd1 f4 26. f3 fxe3 27. Qxe3 Qg6 28. g4 Bg7 29. Bc2 Qh6 30. fxe4 dxe4 31. Rcd1 Nf6 32. Nc3 Nd5 33. Nxd5 Bxd5 34. Bxc7 Re8 35. Rf5 Bf7 36. Rxg5 Kh8 37. Bf4 Qe6 38. d5 Qf6 39. Rf5 Qe7 40. Bg5 Qd7 41. c6 bxc6 42. dxc6 Qe6 43. c7 Bg6 44. Rc5 Qb6 45. Rd7 Qe6 46. Rxg7 1-0

[Event "TUR-chT 1st League"]
[Site "Denizli"]
[Date "2023.07.09"]
[Round "1.65"]
[White "Ulus, Ekin"]
[Black "Ozsayin, Elif"]
[Result "1-0"]
[WhiteElo "1545"]
[BlackElo "1669"]
[PlyCount "67"]
[EventDate "2023.07.09"]
[EventType "team-swiss"]
[EventRounds "9"]
[EventCountry "TUR"]
[SourceTitle "CBM 215 Extra"]
[Source "ChessBase"]
[SourceDate "2023.09.30"]
[SourceVersion "1"]
[SourceVersionDate "2023.09.30"]
[SourceQuality "1"]
[WhiteTeam "Mavisehir Altyapi"]
[BlackTeam "Doktor Metin Surmeli"]
[WhiteTeamCountry "TUR"]
[BlackTeamCountry "TUR"]

1. e4 e6 2. d4 d5 3. Nc3 Bb4 4. e5 c5 5. a3 Bxc3+ 6. bxc3 Qa5 7. Bd2 Qa4 8. Qb1 a6 9. Nf3 Ne7 10. Bd3 Nbc6 11. Qb2 0-0 12. h4 Na5 13. h5 Nf5 14. g4 Ne7 15. g5 Nc4 16. Qc1 Nxd2 17. Qxd2 Nf5 18. Bxf5 exf5 19. g6 fxg6 20. hxg6 h6 21. Ng5 Qc6 22. Nh7 Re8 23. 0-0-0 Re6 24. Nf6+ Kf8 25. Rxh6 gxh6 26. Qxh6+ Ke7 27. Qg7+ Kd8 28. Rh1 Bd7 29. Qf8+ Be8 30. g7 Qa4 31. g8Q Qxa3+ 32. Kd2 cxd4 33. Qxa3 dxc3+ 34. Qxc3 1-0

[Event "TUR-chT 2nd League"]
[Site "Konya"]
[Date "2019.07.28"]
[Round "9.8"]
[White "Ozkinaci, Nursena"]
[Black "Ozsayin, Elif"]
[Result "0-1"]
[WhiteElo "1282"]
[BlackElo "1642"]
[PlyCount "78"]
[EventDate "2019.07.22"]
[EventType "team-swiss"]
[EventRounds "9"]
[EventCountry "TUR"]
[SourceTitle "CBM 191 Extra"]
[Source "ChessBase"]
[SourceDate "2019.09.30"]
[SourceVersion "1"]
[SourceVersionDate "2019.09.30"]
[SourceQuality "1"]
[WhiteTeam "Gaziantep Sader"]
[BlackTeam "Ego Spor"]
[WhiteTeamCountry "TUR"]
[BlackTeamCountry "TUR"]

1. Nf3 g6 2. g3 Bg7 3. Bg2 Nf6 4. 0-0 0-0 5. d4 d5 6. b3 b6 7. c4 Bb7 8. Nbd2 e6 9. Bb2 Nbd7 10. Qc2 Rc8 11. e3 c5 12. Rac1 dxc4 13. bxc4 Qc7 14. Rfd1 Rfd8 15. Qb3 h5 16. Bf1 Ng4 17. e4 cxd4 18. Bxd4 Nc5 19. Bxc5 Qxc5 20. Bg2 Nxf2 21. Rf1 Nd3+ 22. Kh1 Nxc1 23. Rxc1 Rd7 24. Qc2 Rcd8 25. Nb3 Qa3 26. Qe2 a5 27. Rf1 a4 28. Nc1 Bb2 29. Qc2 Bxc1 30. Rxc1 Qxc1+ 31. Qxc1 Rd1+ 32. Qxd1 Rxd1+ 33. Ng1 Rd2 34. a3 Ra2 35. h4 Rxa3 36. Ne2 Ra1+ 37. Kh2 a3 38. Nd4 Rb1 39. Nb5 a2 0-1

[Event "TUR Cup"]
[Site "Antalya"]
[Date "2019.01.31"]
[Round "7"]
[White "Ozsayin, Elif"]
[Black "Askar, Mizgin"]
[Result "1-0"]
[WhiteElo "1613"]
[BlackElo "1275"]
[PlyCount "61"]
[EventDate "2019.01.27"]
[EventType "swiss"]
[EventRounds "11"]
[EventCountry "TUR"]
[SourceTitle "CBM 188 Extra"]
[Source "ChessBase"]
[SourceDate "2019.02.26"]
[SourceVersion "1"]
[SourceVersionDate "2019.02.26"]
[SourceQuality "1"]

1. g3 g6 2. Bg2 Bg7 3. e4 d6 4. d3 e5 5. Ne2 c5 6. 0-0 b5 7. a4 b4 8. Nd2 a5 9. f4 Nh6 10. Nc4 0-0 11. fxe5 dxe5 12. Nxe5 Bxe5 13. Bxh6 Re8 14. Rb1 g5 15. Qd2 f6 16. h4 gxh4 17. gxh4 Kf7 18. Bf4 Bg4 19. Bxe5 Rxe5 20. Nf4 Nd7 21. Nd5 Qg8 22. Qf4 Ra6 23. Qh2 Rh5 24. Rf4 Ne5 25. Rbf1 Rh6 26. Nxf6 Nf3+ 27. R4xf3 Raxf6 28. Qc7+ Ke6 29. Qc6+ Ke5 30. Rxf6 Rxf6 31. Qxf6# 1-0

[Event "TUR-chT 1st League"]
[Site "Konya"]
[Date "2018.07.21"]
[Round "8.11"]
[White "Babiy, Olga"]
[Black "Ozsayin, Elif"]
[Result "1-0"]
[WhiteElo "2333"]
[BlackElo "1532"]
[PlyCount "67"]
[EventDate "2018.07.16"]
[EventType "team-swiss"]
[EventRounds "9"]
[EventCountry "TUR"]
[SourceTitle "EXT 2019"]
[Source "ChessBase"]
[SourceDate "2018.10.10"]
[SourceVersion "1"]
[SourceVersionDate "2018.10.10"]
[SourceQuality "1"]
[WhiteTeam "Karsiyaka Ihtisas"]
[BlackTeam "Ego Spor"]
[WhiteTeamCountry "TUR"]
[BlackTeamCountry "TUR"]

1. e4 d6 2. d4 g6 3. Nc3 Bg7 4. f4 Nd7 5. Nf3 e6 6. Be3 Ne7 7. Qd2 a6 8. a4 b6 9. g3 Bb7 10. Bg2 0-0 11. 0-0 d5 12. e5 Nf5 13. Bf2 c5 14. Ne2 Rc8 15. c3 h5 16. h3 Qc7 17. Rac1 Qb8 18. g4 hxg4 19. hxg4 Ne7 20. Bh4 Nc6 21. f5 exf5 22. gxf5 cxd4 23. cxd4 Nxd4 24. Nexd4 Nxe5 25. f6 Bh8 26. Qg5 Nxf3+ 27. Bxf3 Rxc1 28. Rxc1 Rc8 29. Re1 Re8 30. Nf5 Rxe1+ 31. Bxe1 Bxf6 32. Qxf6 gxf5 33. Qg5+ Kf8 34. Bb4+ 1-0

[Event "TUR-chT 1st League"]
[Site "Konya"]
[Date "2018.07.17"]
[Round "2.6"]
[White "Ozsayin, Elif"]
[Black "Gundogan, Sinem Cagla"]
[Result "1-0"]
[WhiteElo "1532"]
[BlackElo "2022"]
[PlyCount "173"]
[EventDate "2018.07.16"]
[EventType "team-swiss"]
[EventRounds "9"]
[EventCountry "TUR"]
[SourceTitle "EXT 2019"]
[Source "ChessBase"]
[SourceDate "2018.10.10"]
[SourceVersion "1"]
[SourceVersionDate "2018.10.10"]
[SourceQuality "1"]
[WhiteTeam "Ego Spor"]
[BlackTeam "Salihli Sardes"]
[WhiteTeamCountry "TUR"]
[BlackTeamCountry "TUR"]

1. d4 d5 2. Bf4 Nf6 3. Nf3 c5 4. c3 Nc6 5. e3 Qb6 6. Qb3 c4 7. Qxb6 axb6 8. Na3 Ra5 9. Bc7 Nd7 10. Be2 e6 11. Nc2 Ra7 12. 0-0 b5 13. a3 b6 14. Bg3 Na5 15. Nd2 Be7 16. Nb4 0-0 17. e4 Bb7 18. exd5 exd5 19. Rfe1 Bg5 20. Nf3 Bf6 21. Bd1 Raa8 22. Bc2 Rfe8 23. Rad1 Nf8 24. Ne5 Rad8 25. Kf1 Ne6 26. Re2 Be7 27. Rde1 Bxb4 28. axb4 Nc6 29. f4 Ncxd4 30. cxd4 Nxd4 31. Rd2 Nxc2 32. Rxc2 d4 33. Rd2 f6 34. Nf3 Bxf3 35. Rxe8+ Rxe8 36. gxf3 d3 37. Bf2 Re6 38. Bd4 Kf7 39. Bc3 Kg6 40. Kf2 Kf5 41. Kg3 h5 42. h4 Re7 43. Bd4 Re6 44. Bc3 Rd6 45. Rd1 Re6 46. Re1 Rxe1 47. Bxe1 Ke6 48. Kf2 Kf5 49. Ke3 g5 50. fxg5 fxg5 51. hxg5 Kxg5 52. Bg3 h4 53. Bc7 h3 54. Bh2 Kf5 55. Kf2 Kg5 56. Be5 Kh4 57. Bf4 Kh5 58. Bd2 Kh4 59. f4 Kg4 60. Kg1 Kf5 61. Kh2 Kg4 62. Kh1 Kf5 63. Kg1 Kg4 64. Kh2 Kf3 65. f5 Ke2 66. f6 Kxd2 67. f7 Kc2 68. f8Q Kxb2 69. Qf2+ Kc3 70. Qe1+ d2 71. Qd1 Kd3 72. Kxh3 c3 73. Kg3 Kc4 74. Qc2 Kxb4 75. Kf3 Kc4 76. Ke2 b4 77. Qa2+ Kd4 78. Qb3 Kc5 79. Kd1 Kb5 80. Kc2 Kc5 81. Qa4 Kc4 82. Qc6+ Kd4 83. Qxb6+ Kc4 84. Qc6+ Kd4 85. Qb5 Ke3 86. Qxb4 Ke2 87. Qe4+ 1-0

[Event "TUR-chT 1st League"]
[Site "Konya"]
[Date "2017.07.20"]
[Round "5.10"]
[White "Ozsayin, Elif"]
[Black "Khomeriki, Nino"]
[Result "0-1"]
[WhiteElo "1552"]
[BlackElo "2305"]
[PlyCount "93"]
[EventDate "2017.07.17"]
[EventType "team-swiss"]
[EventRounds "9"]
[EventCountry "TUR"]
[SourceTitle "CBM 179 Extra"]
[Source "ChessBase"]
[SourceDate "2017.08.23"]
[SourceVersion "1"]
[SourceVersionDate "2017.08.23"]
[SourceQuality "1"]
[WhiteTeam "Ankara Ego"]
[BlackTeam "Istanbul Teknik Uni"]
[WhiteTeamCountry "TUR"]
[BlackTeamCountry "TUR"]

1. e4 e5 2. Nf3 Nc6 3. Bb5 a6 4. Ba4 Nf6 5. 0-0 Be7 6. Bxc6 dxc6 7. Qe1 Qd6 8. d4 Nd7 9. Be3 Qg6 10. Nc3 exd4 11. Bxd4 0-0 12. Ne5 Qe6 13. Nxd7 Bxd7 14. f3 c5 15. Bf2 Rad8 16. Bg3 Bd6 17. Bxd6 Qxd6 18. Rd1 Qb6 19. b3 c4+ 20. Qf2 Qa5 21. Qe3 Be6 22. Rd4 Rxd4 23. Qxd4 cxb3 24. cxb3 Rc8 25. Rd1 Kf8 26. Na4 b6 27. Rd2 Qg5 28. Nc3 f6 29. Ne2 Qe5 30. g3 a5 31. Nf4 Ke7 32. Kf2 g5 33. Nxe6 Qxe6 34. Ke3 h5 35. Qd5 Qxd5 36. Rxd5 c6 37. Rd4 Rg8 38. f4 gxf4+ 39. Kxf4 Ke6 40. h3 Ra8 41. a3 c5 42. Rd5 a4 43. Rd3 c4 44. Rc3 b5 45. g4 hxg4 46. hxg4 Ra6 47. Re3 0-1

[Event "TUR-chT 1st League"]
[Site "Konya"]
[Date "2017.07.19"]
[Round "4.12"]
[White "Soydan, Busra"]
[Black "Ozsayin, Elif"]
[Result "1-0"]
[WhiteElo "1755"]
[BlackElo "1552"]
[PlyCount "31"]
[EventDate "2017.07.17"]
[EventType "team-swiss"]
[EventRounds "9"]
[EventCountry "TUR"]
[SourceTitle "CBM 179 Extra"]
[Source "ChessBase"]
[SourceDate "2017.08.23"]
[SourceVersion "1"]
[SourceVersionDate "2017.08.23"]
[SourceQuality "1"]
[WhiteTeam "Yalova Belediye"]
[BlackTeam "Ankara Ego"]
[WhiteTeamCountry "TUR"]
[BlackTeamCountry "TUR"]

1. e4 e6 2. b3 d5 3. Bb2 Nf6 4. e5 Nfd7 5. Qg4 c5 6. f4 Nc6 7. h4 Nd4 8. Na3 a6 9. c3 Nf5 10. Bd3 Ne7 11. Nh3 h6 12. 0-0 b5 13. Rae1 c4 14. Bc2 Qb6+ 15. Nf2 Bb7 16. Kh2 1-0

[Event "TUR-chT 1st League"]
[Site "Konya"]
[Date "2017.07.17"]
[Round "1.9"]
[White "Ozsayin, Elif"]
[Black "Gokbulut, Julia"]
[Result "0-1"]
[WhiteElo "1552"]
[BlackElo "1997"]
[PlyCount "164"]
[EventDate "2017.07.17"]
[EventType "team-swiss"]
[EventRounds "9"]
[EventCountry "TUR"]
[SourceTitle "CBM 179 Extra"]
[Source "ChessBase"]
[SourceDate "2017.08.23"]
[SourceVersion "1"]
[SourceVersionDate "2017.08.23"]
[SourceQuality "1"]
[WhiteTeam "Ankara Ego"]
[BlackTeam "Bursa Buyuksehir"]
[WhiteTeamCountry "TUR"]
[BlackTeamCountry "TUR"]

1. e4 c5 2. Nf3 e6 3. d3 Nc6 4. g3 g6 5. Bg2 Bg7 6. 0-0 Nf6 7. h3 d5 8. Nbd2 0-0 9. c3 b6 10. Qc2 a5 11. a4 Ba6 12. Re1 dxe4 13. dxe4 Bd3 14. Qb3 Rb8 15. c4 Nb4 16. e5 Ne8 17. Bf1 Bc2 18. Qc3 f6 19. Ne4 Bxe4 20. Rxe4 fxe5 21. Nxe5 Qf6 22. f4 Rd8 23. Bd2 Nd6 24. Re2 Nf5 25. Rae1 Nd4 26. Rf2 Qf5 27. Qc1 Qc2 28. Bc3 Qxa4 29. Bxd4 Rxd4 30. Nf3 Rd6 31. Re3 Rfd8 32. Re1 Nd3 33. Bxd3 Rxd3 34. Kg2 Qc6 35. Qc2 h6 36. Qe2 R8d6 37. Kh2 Qe8 38. Ne5 R3d4 39. b3 Kh7 40. Qe3 Rd1 41. Ree2 R6d4 42. h4 Qa8 43. Rg2 Rf1 44. h5 gxh5 45. Rd2 Rxd2 46. Qxd2 Bxe5 47. Qd3+ Kg7 48. Qxf1 Bd4 49. Qd1 Qe8 50. Qd3 Qf7 51. Qe4 Qd7 52. g4 h4 53. f5 Qd6+ 54. Kh3 Bf6 55. fxe6 Qd1 56. Qb7+ Kg6 57. Qe4+ Kg7 58. Qb7+ Kg6 59. Qe4+ Kg7 60. g5 hxg5 61. e7 Qd7+ 62. Kh2 Qxe7 63. Qxe7+ Bxe7 64. Kh3 Kf6 65. Kg4 Ke5 66. Rd2 Ke6 67. Rd5 Bf6 68. Rf5 Be7 69. Rf1 Bf6 70. Re1+ Be5 71. Kxg5 h3 72. Kg4 h2 73. Kg5 Kd6 74. Kf5 Bd4 75. Re6+ Kc7 76. Rh6 Bg1 77. Ke5 Kb7 78. Kd5 Ka6 79. Kc6 a4 80. Kc7 axb3 81. Rxb6+ Ka5 82. Rh6 Ka4 0-1

[Event "TUR-chT2"]
[Site "Konya"]
[Date "2016.07.17"]
[Round "1.3"]
[White "Bayram, Irem Inci"]
[Black "Ozsayin, Elif"]
[Result "0-1"]
[WhiteElo "1601"]
[BlackElo "1486"]
[PlyCount "65"]
[EventDate "2016.07.17"]
[EventType "team-swiss"]
[EventRounds "9"]
[EventCountry "TUR"]
[SourceTitle "CBM 173 Extra"]
[Source "ChessBase"]
[SourceDate "2016.08.29"]
[SourceVersion "1"]
[SourceVersionDate "2016.08.29"]
[SourceQuality "1"]
[WhiteTeam "Izmir Rota Koleji"]
[BlackTeam "Ankara Ego"]
[WhiteTeamCountry "TUR"]
[BlackTeamCountry "TUR"]

1. e4 e6 2. d4 d5 3. Nd2 dxe4 4. Nxe4 Bd7 5. Nf3 Bc6 6. Bd3 Nf6 7. Qe2 Nxe4 8. Bxe4 Bxe4 9. Qxe4 c6 10. 0-0 Be7 11. Qg4 Bf6 12. c3 Nd7 13. Re1 0-0 14. Ne5 Rc8 15. Bf4 Nb6 16. Re3 Nd5 17. Rh3 Nxf4 18. Qxf4 Qe7 19. Re1 Rfd8 20. Qe4 g6 21. Ng4 Bg7 22. Qe3 b6 23. Nh6+ Kh8 24. Rf3 Rf8 25. Ng4 h5 26. Ne5 Kh7 27. Re2 c5 28. Qd3 cxd4 29. Qc2 dxc3 30. bxc3 Rc5 31. Rxf7 Rxf7 32. Nxg6 Qg5 33. Rxe6 0-1

[Event "TUR-ch U20"]
[Site "Canakkale"]
[Date "2016.06.27"]
[Round "1"]
[White "Ozsayin, Elif"]
[Black "Daghan, Devran"]
[Result "0-1"]
[WhiteElo "1486"]
[BlackElo "2011"]
[PlyCount "52"]
[EventDate "2016.06.27"]
[EventType "swiss"]
[EventRounds "9"]
[EventCountry "TUR"]
[SourceTitle "CBM 173 Extra"]
[Source "ChessBase"]
[SourceDate "2016.08.29"]
[SourceVersion "1"]
[SourceVersionDate "2016.08.29"]
[SourceQuality "1"]

1. Nf3 g6 2. g3 Bg7 3. Bg2 d6 4. d4 Nf6 5. 0-0 0-0 6. c4 Na6 7. Nc3 c5 8. d5 Rb8 9. Re1 Nc7 10. e4 b5 11. cxb5 Nxb5 12. Nxb5 Rxb5 13. Bf1 Rb4 14. Qc2 Ng4 15. h3 Ne5 16. Nxe5 Bxe5 17. Rb1 f5 18. f4 Bd4+ 19. Be3 Qa5 20. Bxd4 Rxd4 21. e5 c4 22. Qc3 Qxd5 23. b3 Qc5 24. Kh2 Bb7 25. bxc4 Rd1 26. Rxb7 Qf2+ 0-1

[Event "TUR-chT2"]
[Site "Konya"]
[Date "2015.07.29"]
[Round "7.5"]
[White "Abdulla, Khayala Mardan Qizi"]
[Black "Ozsayin, Elif"]
[Result "1-0"]
[WhiteElo "2312"]
[BlackElo "1587"]
[PlyCount "65"]
[EventDate "2015.07.25"]
[EventType "team-swiss"]
[EventRounds "9"]
[EventCountry "TUR"]
[SourceTitle "CBM 167 Extra"]
[Source "ChessBase"]
[SourceDate "2015.09.14"]
[SourceVersion "1"]
[SourceVersionDate "2015.09.14"]
[SourceQuality "1"]
[WhiteTeam "Manisa Salihli Sardes"]
[BlackTeam "Ankara Ego"]
[WhiteTeamCountry "TUR"]
[BlackTeamCountry "TUR"]

1. e4 e6 2. d4 d5 3. Nc3 Nc6 4. Nf3 Nf6 5. Bg5 h6 6. Bxf6 gxf6 7. exd5 exd5 8. Qd2 h5 9. Qe3+ Be6 10. Bd3 Bh6 11. Qe2 Qd7 12. Na4 0-0-0 13. Nc5 Qd6 14. Ba6 Na5 15. b4 Qb6 16. 0-0 bxa6 17. bxa5 Qb5 18. Qe1 Bg4 19. Rb1 Rde8 20. Qc3 Qc6 21. Qb3 Kd8 22. Qb8+ Bc8 23. Rb3 Bf8 24. Qxa7 Bxc5 25. dxc5 Rhg8 26. Nd4 Qd7 27. c6 Qg4 28. Rg3 Qe4 29. Nb3 h4 30. Nc5 Qf5 31. Nb7+ Bxb7 32. cxb7 hxg3 33. b8Q+ 1-0

[Event "TUR-chT2"]
[Site "Konya"]
[Date "2015.07.28"]
[Round "6.5"]
[White "Celik, Akarsu Bengi"]
[Black "Ozsayin, Elif"]
[Result "1-0"]
[WhiteElo "1515"]
[BlackElo "1587"]
[PlyCount "81"]
[EventDate "2015.07.25"]
[EventType "team-swiss"]
[EventRounds "9"]
[EventCountry "TUR"]
[SourceTitle "CBM 167 Extra"]
[Source "ChessBase"]
[SourceDate "2015.09.14"]
[SourceVersion "1"]
[SourceVersionDate "2015.09.14"]
[SourceQuality "1"]
[WhiteTeam "Izmir Karsiyaka"]
[BlackTeam "Ankara Ego"]
[WhiteTeamCountry "TUR"]
[BlackTeamCountry "TUR"]

1. e4 e6 2. d4 d5 3. e5 c5 4. c3 Nc6 5. Nf3 Qb6 6. Bd3 Bd7 7. 0-0 cxd4 8. cxd4 Nxd4 9. Nxd4 Qxd4 10. Nc3 Qb6 11. Qe2 a6 12. Kh1 Ne7 13. f4 g6 14. Be3 Qd8 15. Qf2 Nf5 16. Bb6 Qh4 17. Nxd5 Qxf2 18. Nf6+ Ke7 19. Rxf2 Rc8 20. Rd2 Be8 21. Rad1 Bh6 22. Ba5 Bxf4 23. Bb4+ Kd8 24. Bxf5+ Bxd2 25. Rxd2+ Kc7 26. Rc2+ Bc6 27. Be4 Rhd8 28. Ba5+ Kb8 29. Bxd8 Rxd8 30. h3 Bb5 31. Nxh7 Rh8 32. Ng5 Rh4 33. Bf3 Rf4 34. g4 Bc4 35. b3 Bb5 36. Kg2 Be8 37. Ne4 Bc6 38. Re2 a5 39. Kg3 g5 40. h4 Bxe4 41. Rxe4 1-0

[Event "TUR-chT2"]
[Site "Konya"]
[Date "2015.07.25"]
[Round "1.7"]
[White "Erece, Ece Alkim"]
[Black "Ozsayin, Elif"]
[Result "1-0"]
[WhiteElo "1612"]
[BlackElo "1587"]
[PlyCount "57"]
[EventDate "2015.07.25"]
[EventType "team-swiss"]
[EventRounds "9"]
[EventCountry "TUR"]
[SourceTitle "CBM 167 Extra"]
[Source "ChessBase"]
[SourceDate "2015.09.14"]
[SourceVersion "1"]
[SourceVersionDate "2015.09.14"]
[SourceQuality "1"]
[WhiteTeam "Bursa Buyuksehir"]
[BlackTeam "Ankara Ego"]
[WhiteTeamCountry "TUR"]
[BlackTeamCountry "TUR"]

1. e4 e6 2. d4 d5 3. exd5 exd5 4. Bd3 Bd6 5. h3 Ne7 6. Nf3 Nbc6 7. c3 Be6 8. 0-0 f6 9. Re1 Qd7 10. Nbd2 0-0-0 11. b4 g5 12. Nb3 g4 13. Nh2 gxh3 14. g3 h5 15. b5 Nb8 16. Nc5 Bxc5 17. dxc5 Rdg8 18. Bf4 Ng6 19. Bxg6 Rxg6 20. Re3 h4 21. Qe2 Bg4 22. f3 Bf5 23. g4 Rg7 24. Re1 Bg6 25. Re6 f5 26. Kh1 c6 27. Qe5 Qc7 28. Qxc7+ Rxc7 29. Bxc7 1-0

[Event "Manavgat Turkey Cup"]
[Site "Manavgat"]
[Date "2015.02.04"]
[Round "7"]
[White "Ozsayin, Elif"]
[Black "Bapoglu, Ibrahim"]
[Result "0-1"]
[WhiteElo "1448"]
[BlackElo "1709"]
[PlyCount "86"]
[EventDate "2015.01.31"]
[EventType "swiss"]
[EventRounds "11"]
[EventCountry "TUR"]
[SourceTitle "CBM 164 Extra"]
[Source "ChessBase"]
[SourceDate "2015.03.02"]
[SourceVersion "1"]
[SourceVersionDate "2015.03.02"]
[SourceQuality "1"]

1. Nf3 g6 2. g3 Bg7 3. Bg2 c6 4. 0-0 Nf6 5. d3 d5 6. Nbd2 0-0 7. e4 dxe4 8. Nxe4 Bg4 9. Nc3 Nbd7 10. h3 Bxf3 11. Qxf3 Nb6 12. Re1 Nfd5 13. Nxd5 Nxd5 14. Rb1 e6 15. a3 Qd7 16. h4 h5 17. Bg5 Ne7 18. Bh3 Qd5 19. Qxd5 Nxd5 20. Bg2 Rfe8 21. Kf1 Kh7 22. Bxd5 cxd5 23. c3 a5 24. d4 b5 25. Bd2 Rec8 26. Ke2 Rc6 27. Kd3 Bf8 28. Ra1 Rb8 29. Ra2 Rc4 30. Rea1 Rb7 31. Be1 Kg7 32. Bd2 Bd6 33. f4 Kf6 34. Be1 Kf5 35. b4 Ra7 36. Rb2 axb4 37. cxb4 Kg4 38. Raa2 Be7 39. Re2 Bf6 40. Bf2 Rac7 41. Red2 Kf3 42. Rd1 Rc3+ 43. Kd2 Kxf2 0-1

[Event "Kemer Turkey Cup"]
[Site "Kemer"]
[Date "2014.02.05"]
[Round "6"]
[White "Aksoy, Atilla"]
[Black "Ozsayin, Elif"]
[Result "1-0"]
[WhiteElo "1790"]
[BlackElo "1449"]
[PlyCount "81"]
[EventDate "2014.02.01"]
[EventType "swiss"]
[EventRounds "9"]
[EventCountry "TUR"]
[SourceTitle "CBM 158 Extra"]
[Source "ChessBase"]
[SourceDate "2014.02.28"]
[SourceVersion "1"]
[SourceVersionDate "2014.02.28"]
[SourceQuality "1"]

1. e4 e6 2. d4 d5 3. Nd2 dxe4 4. Nxe4 Bd7 5. Bd3 Bc6 6. Nf3 h6 7. 0-0 Nf6 8. Nxf6+ Qxf6 9. Ne5 Bd6 10. f4 0-0 11. Qe2 Qe7 12. Bd2 Rd8 13. c3 Be8 14. Qe4 f5 15. Qxb7 Nd7 16. Nc6 Qh4 17. Nxd8 Rxd8 18. Rae1 Bf7 19. Bc4 Qf6 20. Qb3 Nf8 21. a4 g5 22. fxg5 hxg5 23. Rf2 g4 24. Bf4 Bxf4 25. Rxf4 Ng6 26. Rf2 Re8 27. Qd1 Kg7 28. g3 Rh8 29. Qe2 Re8 30. Bb5 Rh8 31. Bd7 Nf8 32. Bc8 Qh6 33. Qe5+ Kg8 34. Qxc7 Rh7 35. d5 Bg6 36. Qe5 exd5 37. Bxf5 Rf7 38. Be6 Nxe6 39. Qxe6 Qh7 40. Ref1 a5 41. Qe8+ 1-0